000
00298nam a2200121Ia 4500
005
20251222144627.0
008
251222s9999||||xx |||||||||||||| ||spa||
020
_a
"Incluye mapas, fotografías y dibujos."
082
_a
943/L55
245
0
_a
La Realidad Alemana:
250
_a
4a.ed.
942
_c
LIB
999
_c
16173
_d
16173